[Event "Int SVK-ch Open 2020"]
[Site "Drienica"]
[Date "2020.08.09"]
[Round "3.15"]
[White "Djubek, Boris"]
[Black "Kravec, Patrik"]
[Result "0-1"]
[WhiteElo "2019"]
[BlackElo "2119"]
[Annotator "TA"]
[PlyCount "112"]
[EventDate "2020.08.07"]
[EventType "swiss"]
[EventCountry "SVK"]
[SourceTitle "playchess.com"]
[Source "ChessBase"]
[SourceQuality "1"]

{[%evp 20,112,30,20,16,17,17,19,46,0,27,-7,20,16,61,58,49,44,57,9,70,49,83,83,93,81,139,141,191,94,92,93,100,100,114,113,104,96,98,14,123,112,193,195,184,12,12,15,29,0,0,0,749,0,0,0,0,-88,-29,-241,-226,-279,-279,-273,-261,-267,-272,-276,-275,-275,-278,-285,-262,-267,-259,-273,-273,-389,-297,-1356,-1351,-1256,-1224,-1077,-452,-923,-898,-740,-303,-290,-293,-470,-459,-455,-445]} 1. d4 Nf6 2. Nf3 g6 3. c4 c5 4. d5 b5 5. cxb5 a6 6. b6 Qxb6 7. Nc3 d6 8. e4 Nbd7 9. h3 Bg7 10. Be2 O-O 11. O-O a5 {A57: Benko/Volga Gambit.} 12. Nd2 Ba6 13. Nc4 Qc7 {[#] The position is equal.} 14. Be3 $146 ({Predecessor:} 14. Qc2 Nb6 15. Nxb6 Qxb6 16. Re1 Nd7 17. Bg5 Rfe8 18. Rad1 Bxe2 19. Rxe2 Qb4 20. Na4 {½-½ (76) Kostelny,J (2220)-Ligart,T (2191) Slovakia 2019}) 14... Rfb8 15. Rb1 Nb6 16. Na3 Ne8 17. Nab5 Qb7 18. a4 Nc7 19. b3 Qc8 (19... Bxc3 $1 $11 20. Nxc3 Nd7) 20. Bg5 Kf8 21. Qd2 $36 {[%mdl 2048] White is in control.} Ne8 22. Bh6 c4 (22... Bxh6 $142 23. Qxh6+ {[%mdl 64] Double Attack} Kg8) 23. Bxg7+ $16 Nxg7 24. Qd4 (24. Qh6 $18 {and White stays clearly on top.} Kg8 25. Nd4) 24... cxb3 25. Rxb3 Nd7 26. Bg4 Qd8 27. Bxd7 Qxd7 28. Rfb1 Kg8 29. Ne2 ({Better is} 29. Qe3 $16) 29... Ne8 (29... e5 $11 30. Qc3 Ne8) 30. Qd2 Nc7 (30... Nf6 $16 {might work better.}) 31. Ned4 $18 Bxb5 {[#]} 32. Qh6 $2 ({Weaker is} 32. Nxb5 Na6 $11) (32. axb5 $6 a4 $16) (32. Nc6 $1 $18 {[%mdl 512]}) 32... Rb7 33. axb5 {[%cal Ba4b5,Bb5b6][%mdl 32] Threatening Nc6.} a4 34. Rb4 a3 35. b6 Ra4 $2 {[%mdl 8192] [#]} (35... Na6 $11 36. Rb5 Nc5) 36. Qd2 $2 (36. Nf5 $1 $18 {[%csl Gf5][%cal Rh6g7][%mdl 512]} Ne8 (36... gxf5 37. R1b3) 37. Nxe7+ $1 {[%mdl 576] Deflection} Qxe7 38. Rxa4) 36... Na6 $11 37. Rxa4 Qxa4 38. Nc6 {[#]} (38. f3 $11 {keeps the balance.}) 38... Nc5 (38... Rxb6 $1 $17 39. Ra1 (39. Rxb6 $2 {loses.} a2 $19) (39. Nxe7+ Kf8 $17) 39... Rb7) 39. Qc1 $2 {Now White is beyond hope.} (39. Ra1 $11) 39... Qxe4 $19 40. Ra1 Qxd5 41. Nb4 Qb3 42. Rb1 Qa4 43. Nd5 a2 44. Ra1 Qd4 45. Ne3 Rxb6 46. Rxa2 {Ra8+ is the strong threat.} Qd3 {Strongly threatening ...Rb1.} 47. Ra8+ Kg7 {And now ...Rb1 would win.} 48. Qa1+ (48. Ra1 $142) 48... e5 49. Qa5 $2 (49. Kh2) 49... Rb1+ 50. Kh2 Qe4 {( -> ...Qf4+)} 51. Qa2 Qf4+ 52. g3 Qe4 {[%csl Gb1][%cal Re4h1]} 53. Ng2 Rb2 (53... Rf1 $142 54. Ra7 Qf3) 54. Qxb2 Qxa8 55. Ne3 $2 (55. Qd2 {was worth a try.} Qc6 56. Ne3) 55... Qf3 56. Kg1 Ne4 {Accuracy: White = 55%, Black = 64%.} 0-1

[Event "Int SVK-ch Open 2020"]
[Site "Drienica"]
[Date "2020.08.09"]
[Round "3.15"]
[White "Magda, Juraj"]
[Black "Tomanek, Rafael"]
[Result "0-1"]
[WhiteElo "1261"]
[BlackElo "1835"]
[Annotator "NA RC"]
[PlyCount "94"]
[EventDate "2020.08.07"]
[EventType "swiss"]
[EventCountry "SVK"]
[SourceTitle "playchess.com"]
[Source "ChessBase"]
[SourceQuality "1"]
[TimeControl "40/5400+30:1800+30"]

{[%evp 14,94,31,32767,32767,32767,32767,32767,32767,32767,32767,32767,-22,32767,32767,32767,32767,32767,32767,32767,32767,32767,32767,32767,32767,32767,32767,32767,32767,32767,32767,32767,32767,32767,32767,32767,32767,32767,-112,32767,-125,32767,32767,32767,32767,-88,-100,-94,-93,-152,-147,-199,-205,-225,-191,32767,-222,-299,-316,-360,-410,-398,-208,-520,-285,-242,-274,-680,-402,-836,-570,-560,-756,-1702,-5065,-11583,-5335,-5716,-29976,-29987,-29988,-29988,-29989]} 1. e4 {[%emt 0:00:00]} c6 {[%emt 0:00:00]} 2. d4 {[%emt 0:00:00]} d5 {[%emt 0:00:00]} 3. Nc3 {[%emt 0:01:03]} dxe4 {[%emt 0:00:00]} 4. Nxe4 {[%emt 0:00:19]} Nd7 {[%emt 0:00:19]} 5. Nf3 {[%emt 0:00:58]} Ngf6 {[%emt 0:00:10]} 6. Bd3 {[%emt 0:02:03]} Nxe4 {[%emt 0:00:29]} 7. Bxe4 {[%emt 0:00:17]} Nf6 {[%emt 0:00:13]} 8. Bd3 {[%emt 0:01:39]} Bg4 {[%emt 0:00:30]} 9. c3 {[%emt 0:00:22] 9.h3 is not played anymore.} e6 {[%emt 0:00:33]} 10. Bg5 {[%emt 0:01:44] B17: Caro-Kann: Modern Line (4...Nd7).} Qc7 {[%emt 0:05:25]} 11. Bxf6 {[%emt 0:04:25]} gxf6 {[%emt 0:00:20] [#]} 12. h3 $146 {[%emt 0:00:29]} ({Predecessor:} 12. Qe2 Bh6 13. Qe4 Qf4 14. Qxf4 Bxf4 15. Nd2 e5 16. Nb3 O-O-O 17. h3 Be6 18. Rd1 {0-1 (53) Garcia,D (1942)-Garcia,H (2059) Santo Domingo 2010}) 12... Bh5 {[%emt 0:01:42]} 13. g4 {[%emt 0:03:10]} Bg6 {[%emt 0:00:33]} 14. Bxg6 {[%emt 0:00:45]} hxg6 {[%emt 0:00:38]} 15. Qd3 {[%emt 0:05:09]} Bh6 {[%emt 0:13:49]} 16. Nd2 {[%emt 0:05:57]} O-O-O {[%emt 0:02:20]} 17. Qc2 {[%emt 0:10:10]} e5 {[%emt 0:04:45]} 18. O-O-O {[%emt 0:01:12]} exd4 {[%emt 0:05:01]} 19. Kb1 {[%emt 0:06:08]} dxc3 {[%emt 0:05:27]} 20. Qxc3 {[%emt 0:00:57]} Bxd2 {[%emt 0:05:22]} 21. Rxd2 {[%emt 0:01:12]} Qf4 {[%emt 0:00:46]} 22. Rc2 {[%emt 0:12:53]} Rd4 {[%emt 0:05:16]} 23. Qc5 {[%emt 0:03:09]} Rhd8 {[%emt 0:08:38]} 24. Rhc1 {[%emt 0:03:34]} Kb8 {[%emt 0:03:00]} 25. Rc3 {[%emt 0:07:06]} Rd1 {[%emt 0:05:30]} 26. a3 {[%emt 0:03:28]} Qe4+ {[%emt 0:03:44]} 27. Ka2 {[%emt 0:00:32]} Rxc1 {[%emt 0:00:48]} 28. Rxc1 {[%emt 0:00:26]} Qd5+ {[%emt 0:01:24]} 29. Qxd5 {[%emt 0:00:51]} Rxd5 {[%emt 0:00:29]} 30. Rh1 {[%emt 0:03:03]} f5 {[%emt 0:12:40]} 31. g5 {[%emt 0:01:04]} Rd2 {[%emt 0:01:56]} 32. Rh2 {[%emt 0:01:02]} Kc7 {[%emt 0:03:30]} 33. h4 {[%emt 0:00:21]} Kd6 {[%emt 0:00:42]} 34. h5 {[%emt 0:00:12]} gxh5 {[%emt 0:00:32]} 35. Rxh5 {[%emt 0:00:09]} Rxf2 {[%emt 0:01:22]} 36. Rh7 {[%emt 0:00:34]} Ke6 {[%emt 0:03:18]} 37. Rh6+ {[%emt 0:01:52]} Ke7 {[%emt 0:01:34]} (37... Ke5 $142 38. Rf6 Rg2 39. Rxf7 Rxg5) 38. g6 $2 {[%emt 0:04:55]} (38. Rf6) 38... Rg2 {[%emt 0:01:35]} 39. gxf7 {[%emt 0:00:18]} Kxf7 {[%emt 0:00:02]} 40. Rh7+ {[%emt 0:00:59]} (40. Kb3 $142 Kg7 41. Rd6) 40... Rg7 {[%emt 0:00:28]} 41. Rh5 {[%emt 0:30:10]} (41. Rh6 $142 Rg6 42. Rh2) 41... Ke6 {[%emt 0:30:16]} 42. Rh6+ {[%emt 0:00:11]} Ke5 {[%emt 0:01:36]} 43. Rh1 {[%emt 0:00:38]} f4 {[%emt 0:00:25]} 44. Re1+ {[%emt 0:00:32]} Kd4 {[%emt 0:00:29]} 45. Kb1 {[%emt 0:01:49]} f3 {[%emt 0:00:20]} 46. Re6 {[%emt 0:01:07]} f2 {[%emt 0:01:22]} 47. Rf6 {[%emt 0:00:06]} Rg1+ {[%emt 0:00:12]} 0-1

[Event "Int SVK-ch Open 2020"]
[Site "Drienica"]
[Date "2020.08.09"]
[Round "3.16"]
[White "Buran, Jaroslav"]
[Black "Walterova, Ema"]
[Result "1/2-1/2"]
[WhiteElo "2098"]
[BlackElo "1790"]
[Annotator "NA"]
[PlyCount "45"]
[EventDate "2020.08.07"]
[EventType "swiss"]
[EventCountry "SVK"]
[SourceTitle "playchess.com"]
[Source "ChessBase"]
[SourceQuality "1"]
[TimeControl "40/5400+30:1800+30"]

1. Nf3 {[%emt 0:00:00]} d5 {[%emt 0:00:00]} 2. d4 {[%emt 0:00:20]} Nf6 {[%emt 0:00:13]} 3. c4 {[%emt 0:00:38]} e6 {[%emt 0:01:08]} 4. Nc3 {[%emt 0:00:14]} Nbd7 {[%emt 0:01:17]} 5. cxd5 {[%emt 0:01:27]} exd5 {[%emt 0:00:42]} 6. Bf4 {[%emt 0:01:24]} c6 {[%emt 0:05:23]} 7. e3 {[%emt 0:00:36]} Be7 $11 {[%emt 0:00:50]} 8. Qc2 {[%emt 0:01:02]} Nh5 {[%emt 0:17:36]} 9. Bg3 {[%emt 0:10:08]} g6 {[%emt 0:10:00]} 10. Bd3 {[%emt 0:03:09]} Nb6 {[%emt 0:02:28]} 11. O-O-O {[%emt 0:03:55]} Nxg3 {[%emt 0:06:14]} 12. hxg3 {[%emt 0:00:19]} Bg4 {[%emt 0:01:05]} 13. Rde1 {[%emt 0:03:18]} Bxf3 {[%emt 0:03:54]} 14. gxf3 {[%emt 0:00:46]} Qd7 {[%emt 0:01:01]} 15. e4 {[%emt 0:06:28]} dxe4 {[%emt 0:05:50]} 16. Nxe4 {[%emt 0:00:37]} O-O-O {[%emt 0:01:22]} 17. Nc5 {[%emt 0:02:40]} Bxc5 {[%emt 0:04:21]} 18. dxc5 {[%emt 0:02:42]} Qxd3 {[%emt 0:00:38]} 19. cxb6 {[%emt 0:00:14]} Qxc2+ {[%emt 0:01:48]} 20. Kxc2 {[%emt 0:00:30]} axb6 {[%emt 0:00:17]} 21. Rh6 {[%emt 0:00:00]} Rde8 {[%emt 0:12:45]} 22. Rxe8+ {[%emt 0:06:02]} Rxe8 {[%emt 0:00:08]} 23. Rxh7 {[%emt 0:00:03]} 1/2-1/2

[Event "Int SVK-ch Open 2020"]
[Site "Drienica"]
[Date "2020.08.09"]
[Round "3.16"]
[White "Recky, Norbert"]
[Black "Kucik, Patrik"]
[Result "1/2-1/2"]
[WhiteElo "1811"]
[BlackElo "1572"]
[Annotator "NA"]
[PlyCount "45"]
[EventDate "2020.08.07"]
[EventType "swiss"]
[EventCountry "SVK"]
[SourceTitle "playchess.com"]
[Source "ChessBase"]
[SourceQuality "1"]
[TimeControl "40/5400+30:1800+30"]

1. e4 {[%emt 0:00:00]} e5 {[%emt 0:00:00]} 2. Nf3 {[%emt 0:00:00]} Nc6 {[%emt 0:00:07]} 3. Bb5 {[%emt 0:00:00]} a6 {[%emt 0:00:30]} 4. Ba4 {[%emt 0:00:00]} d6 {[%emt 0:00:38]} 5. c3 {[%emt 0:00:41]} Be7 {[%emt 0:06:31]} 6. O-O {[%emt 0:00:16]} Nf6 {[%emt 0:00:18]} 7. d3 {[%emt 0:00:12]} O-O {[%emt 0:00:29]} 8. Re1 {[%emt 0:00:19]} b5 {[%emt 0:00:46]} 9. Bc2 {[%emt 0:00:17]} Bb7 {[%emt 0:03:12]} 10. Nbd2 {[%emt 0:03:23]} Na5 {[%emt 0:04:18]} 11. Nf1 {[%emt 0:00:55]} c5 {[%emt 0:01:26]} 12. Ng3 {[%emt 0:01:04]} Re8 {[%emt 0:10:08]} 13. Nf5 {[%emt 0:01:40]} Bf8 {[%emt 0:01:28]} 14. Bg5 {[%emt 0:00:13]} g6 {[%emt 0:03:02]} 15. Nh6+ {[%emt 0:05:32]} Bxh6 {[%emt 0:04:14]} 16. Bxh6 {[%emt 0:01:12]} Nh5 {[%emt 0:07:35]} 17. b4 {[%emt 0:03:04]} cxb4 {[%emt 0:03:44]} 18. cxb4 {[%emt 0:00:42]} Nc6 {[%emt 0:02:24]} 19. Qd2 {[%emt 0:00:44]} Bc8 {[%emt 0:02:06]} 20. a4 {[%emt 0:02:56]} Bg4 {[%emt 0:02:45]} 21. Ng5 {[%emt 0:03:55]} Nd4 {[%emt 0:02:25]} 22. f3 {[%emt 0:08:35]} Be6 {[%emt 0:06:49]} 23. Nxe6 {[%emt 0:05:33]} 1/2-1/2

[Event "Int SVK-ch Open 2020"]
[Site "Drienica"]
[Date "2020.08.09"]
[Round "3.17"]
[White "Steiniger, Florian"]
[Black "Ondo, Tomas"]
[Result "1/2-1/2"]
[WhiteElo "1889"]
[BlackElo "2065"]
[Annotator "ChessBase"]
[PlyCount "26"]
[EventDate "2020.08.07"]
[EventType "swiss"]
[EventCountry "SVK"]
[SourceTitle "playchess.com"]
[Source "ChessBase"]
[SourceQuality "1"]
[TimeControl "40/5400+30:1800+30"]

1. e4 {[%emt 0:00:00]} e5 {[%emt 0:00:00]} 2. Nc3 {[%emt 0:00:00]} Nf6 {[%emt 0:00:17]} 3. g3 {[%emt 0:00:00]} Nc6 {[%emt 0:00:36]} 4. Bg2 {[%emt 0:00:08]} Be7 {[%emt 0:01:35]} 5. Nge2 {[%emt 0:01:23]} d6 {[%emt 0:00:37]} 6. Nd5 {[%emt 0:02:41]} Nxd5 {[%emt 0:01:25]} 7. exd5 {[%emt 0:00:08]} Nb8 {[%emt 0:00:20]} 8. d4 {[%emt 0:02:18]} Nd7 {[%emt 0:01:15]} 9. O-O {[%emt 0:01:40]} O-O {[%emt 0:00:24]} 10. dxe5 {[%emt 0:04:22]} Nxe5 {[%emt 0:00:47]} 11. h3 {[%emt 0:02:12]} Re8 {[%emt 0:10:55]} 12. Rb1 {[%emt 0:04:23]} Bf6 {[%emt 0:04:39]} 13. Nd4 {[%emt 0:05:40]} a6 {[%emt 0:19:50]} 1/2-1/2

[Event "Int SVK-ch Open 2020"]
[Site "Drienica"]
[Date "2020.08.09"]
[Round "3.17"]
[White "Tomcikova, Zuzana"]
[Black "Kubikova, Nina"]
[Result "1-0"]
[WhiteElo "1776"]
[BlackElo "1256"]
[Annotator "NA RC"]
[PlyCount "97"]
[EventDate "2020.08.07"]
[EventType "swiss"]
[EventCountry "SVK"]
[SourceTitle "playchess.com"]
[Source "ChessBase"]
[SourceQuality "1"]
[TimeControl "40/5400+30:1800+30"]

1. e4 {[%emt 0:00:00]} e5 {[%emt 0:00:00]} 2. Nf3 {[%emt 0:00:00]} Nc6 {[%emt 0:00:00]} 3. Bc4 {[%emt 0:00:00]} Nf6 {[%emt 0:00:00]} 4. Ng5 {[%emt 0:00:01]} d5 {[%emt 0:00:07]} 5. exd5 {[%emt 0:00:07]} Na5 {[%emt 0:00:08]} 6. Bb5+ {[%emt 0:00:07]} Bd7 {[%emt 0:00:12]} 7. Qe2 {[%emt 0:00:12]} Be7 {[%emt 0:00:25]} 8. Nc3 {[%emt 0:01:37]} Bxb5 {[%emt 0:00:37]} 9. Qxb5+ {[%emt 0:00:51]} c6 {[%emt 0:00:10]} 10. dxc6 {[%emt 0:00:37]} Nxc6 {[%emt 0:00:12]} 11. O-O {[%emt 0:20:16]} O-O {[%emt 0:01:47]} 12. Qe2 {[%emt 0:15:27]} Nd4 {[%emt 0:06:09]} 13. Qd1 {[%emt 0:00:15]} Rc8 {[%emt 0:06:31]} 14. d3 {[%emt 0:05:31]} Nd5 {[%emt 0:08:01]} 15. Nxd5 {[%emt 0:02:40]} Qxd5 {[%emt 0:03:50]} 16. c3 {[%emt 0:01:56]} Nf5 {[%emt 0:03:27]} 17. Qf3 {[%emt 0:03:28]} Qxf3 {[%emt 0:00:53]} 18. Nxf3 {[%emt 0:00:09]} Rfd8 {[%emt 0:01:57]} 19. Nxe5 {[%emt 0:03:15]} f6 {[%emt 0:00:19]} 20. Ng4 {[%emt 0:04:07]} Rxd3 {[%emt 0:00:59]} 21. Ne3 {[%emt 0:00:37]} Nh6 {[%emt 0:01:57]} 22. Nc2 {[%emt 0:04:03]} Nf5 {[%emt 0:06:07]} 23. Ne3 {[%emt 0:03:34]} Nh6 {[%emt 0:00:23]} 24. Rd1 {[%emt 0:02:53]} Rcd8 {[%emt 0:00:40]} 25. Rxd3 {[%emt 0:00:13]} Rxd3 {[%emt 0:00:07]} 26. Kf1 {[%emt 0:00:26]} Bc5 {[%emt 0:02:22]} 27. h3 {[%emt 0:02:30]} Kf8 {[%emt 0:03:31]} 28. a4 {[%emt 0:03:22]} b6 {[%emt 0:10:50]} 29. Ke2 {[%emt 0:01:00]} Rd7 {[%emt 0:00:27]} 30. b4 {[%emt 0:05:29]} Bd6 {[%emt 0:02:05]} 31. Nc4 {[%emt 0:00:55]} Nf5 {[%emt 0:02:22]} 32. g4 {[%emt 0:00:51]} Ne7 {[%emt 0:03:04]} 33. Nxd6 {[%emt 0:09:18]} Rxd6 {[%emt 0:00:09]} 34. a5 {[%emt 0:01:34]} b5 {[%emt 0:01:15]} 35. Be3 {[%emt 0:00:15]} a6 {[%emt 0:00:23]} 36. Bc5 {[%emt 0:01:15]} Rc6 {[%emt 0:00:53]} 37. Kf3 {[%emt 0:02:59]} Kf7 {[%emt 0:00:59]} 38. Rd1 {[%emt 0:01:04]} Rc7 {[%emt 0:02:58]} 39. Rd6 {[%emt 0:01:47]} Nc6 {[%emt 0:01:34]} 40. Kg3 {[%emt 0:02:37]} Ke8 {[%emt 0:02:07]} 41. f4 {[%emt 0:31:55]} Kf7 {[%emt 0:32:06]} 42. h4 {[%emt 0:00:00]} Nb8 {[%emt 0:00:00]} 43. h5 {[%emt 0:00:00]} Nd7 {[%emt 0:00:00]} 44. Bd4 {[%emt 0:00:00]} Nb8 {[%emt 0:00:00]} 45. Rb6 {[%emt 0:00:00]} Rc8 {[%emt 0:00:00]} 46. g5 {[%emt 0:00:00]} fxg5 {[%emt 0:00:00]} 47. fxg5 {[%emt 0:00:00]} g6 {[%emt 0:00:00]} 48. hxg6+ {[%emt 0:00:00]} hxg6 {[%emt 0:00:00]} 49. Rf6+ {[%emt 0:00:00]} 1-0

[Event "Int SVK-ch Open 2020"]
[Site "Drienica"]
[Date "2020.08.09"]
[Round "3.18"]
[White "Kapolkova, Greta"]
[Black "Socko, Weronika"]
[Result "0-1"]
[WhiteElo "1510"]
[BlackElo "1741"]
[Annotator "NA"]
[PlyCount "82"]
[EventDate "2020.08.07"]
[EventType "swiss"]
[EventCountry "SVK"]
[SourceTitle "playchess.com"]
[Source "ChessBase"]
[SourceQuality "1"]
[TimeControl "40/5400+30:1800+30"]

1. e4 {[%emt 0:00:00]} c6 {[%emt 0:00:00]} 2. d4 {[%emt 0:00:00]} d5 {[%emt 0:00:00]} 3. exd5 {[%emt 0:00:18]} cxd5 {[%emt 0:00:00]} 4. Bd3 {[%emt 0:00:28]} Nf6 {[%emt 0:00:43]} 5. h3 {[%emt 0:00:26]} g6 {[%emt 0:02:23]} 6. Nf3 {[%emt 0:00:58]} Bg7 {[%emt 0:00:40]} 7. Bf4 {[%emt 0:01:28]} Nc6 {[%emt 0:01:06]} 8. c3 {[%emt 0:01:16]} O-O {[%emt 0:02:13]} 9. O-O {[%emt 0:00:38]} a6 {[%emt 0:06:04]} 10. Nbd2 {[%emt 0:02:19]} Bd7 {[%emt 0:02:19]} 11. Qb3 {[%emt 0:02:01]} b5 {[%emt 0:04:03]} 12. Rfe1 {[%emt 0:01:19]} Re8 {[%emt 0:01:45]} 13. Qc2 {[%emt 0:01:57]} Rc8 {[%emt 0:02:48]} 14. a3 {[%emt 0:01:39]} Qb6 {[%emt 0:08:25]} 15. Nb3 {[%emt 0:00:53]} Nd8 {[%emt 0:04:29]} 16. Ne5 {[%emt 0:02:00]} Ne6 {[%emt 0:03:13]} 17. Bg3 {[%emt 0:01:36]} Red8 {[%emt 0:03:02]} 18. Rad1 {[%emt 0:01:32]} a5 {[%emt 0:08:22]} 19. Qe2 {[%emt 0:03:40]} b4 {[%emt 0:02:20]} 20. axb4 {[%emt 0:06:55]} axb4 {[%emt 0:01:59]} 21. Nxd7 {[%emt 0:02:09]} Rxd7 {[%emt 0:00:38]} 22. Bb5 {[%emt 0:02:00]} Ra7 {[%emt 0:04:54]} 23. c4 {[%emt 0:02:07]} Nh5 {[%emt 0:07:10]} 24. c5 {[%emt 0:04:09]} Qd8 {[%emt 0:03:57]} 25. Bh2 {[%emt 0:03:40]} Nf6 {[%emt 0:03:06]} 26. f3 {[%emt 0:01:54]} Ne8 {[%emt 0:01:56]} 27. Qd2 {[%emt 0:00:59]} N8c7 {[%emt 0:01:12]} 28. Bf1 {[%emt 0:00:54]} Ra4 {[%emt 0:01:54]} 29. Ra1 {[%emt 0:02:19]} Rca8 {[%emt 0:00:02]} 30. Rxa4 {[%emt 0:00:28]} Rxa4 {[%emt 0:00:02]} 31. Be5 {[%emt 0:03:02]} f6 {[%emt 0:07:59]} 32. Bg3 {[%emt 0:01:05]} Kf7 {[%emt 0:00:47]} 33. Ra1 {[%emt 0:00:55]} Rxa1 {[%emt 0:00:37]} 34. Nxa1 {[%emt 0:00:08]} f5 {[%emt 0:01:43]} 35. Bf2 {[%emt 0:00:52]} Qa8 {[%emt 0:01:43]} 36. Nc2 {[%emt 0:01:11]} b3 {[%emt 0:00:26]} 37. Na3 {[%emt 0:01:48]} Qa4 {[%emt 0:00:39]} 38. Nb1 {[%emt 0:03:45]} Nxd4 {[%emt 0:01:01]} 39. Nc3 {[%emt 0:04:14]} Qb4 {[%emt 0:00:45]} 40. Kh1 {[%emt 0:09:40]} Qxc5 {[%emt 0:04:28]} 41. Ne2 {[%emt 0:31:15]} Qc2 {[%emt 0:31:52]} 0-1

[Event "Int SVK-ch Open 2020"]
[Site "Drienica"]
[Date "2020.08.09"]
[Round "3.19"]
[White "Verbovsky, Michal"]
[Black "Marsina, Stefan"]
[Result "1-0"]
[WhiteElo "2113"]
[BlackElo "1854"]
[Annotator "ChessBase"]
[PlyCount "99"]
[EventDate "2020.08.07"]
[EventType "swiss"]
[EventCountry "SVK"]
[SourceTitle "playchess.com"]
[Source "ChessBase"]
[SourceQuality "1"]
[TimeControl "40/5400+30:1800+30"]

1. e4 {[%emt 0:00:00]} e6 {[%emt 0:00:00]} 2. d4 {[%emt 0:00:00]} d5 {[%emt 0:00:00]} 3. e5 {[%emt 0:00:19]} c5 {[%emt 0:00:45]} 4. c3 {[%emt 0:00:13]} Qb6 {[%emt 0:04:03]} 5. Nf3 {[%emt 0:00:46]} Bd7 {[%emt 0:00:51]} 6. Be2 {[%emt 0:01:46]} Bb5 {[%emt 0:02:09]} 7. O-O {[%emt 0:01:55]} Bxe2 {[%emt 0:12:13]} 8. Qxe2 {[%emt 0:00:09]} cxd4 {[%emt 0:02:40]} 9. cxd4 {[%emt 0:00:58]} Ne7 {[%emt 0:04:13]} 10. Nc3 {[%emt 0:03:25]} Nf5 {[%emt 0:03:15]} 11. Be3 {[%emt 0:15:04]} Be7 {[%emt 0:03:33]} 12. Rfc1 {[%emt 0:02:16]} Nc6 {[%emt 0:09:16]} 13. a3 {[%emt 0:03:42]} Nxe3 {[%emt 0:18:12]} 14. fxe3 {[%emt 0:00:15]} O-O {[%emt 0:09:00]} 15. b4 {[%emt 0:03:08]} Rfc8 {[%emt 0:03:46]} 16. Na4 {[%emt 0:01:33]} Qd8 {[%emt 0:00:12]} 17. Rc2 {[%emt 0:05:26]} f6 {[%emt 0:02:42]} 18. Rd1 {[%emt 0:11:35]} fxe5 {[%emt 0:05:20]} 19. dxe5 {[%emt 0:00:26]} b6 {[%emt 0:02:17]} 20. e4 {[%emt 0:06:34]} Qd7 {[%emt 0:04:20]} 21. exd5 {[%emt 0:01:09]} exd5 {[%emt 0:03:13]} 22. Nc3 {[%emt 0:01:18]} d4 {[%emt 0:01:13]} 23. Nb5 {[%emt 0:02:02]} Qf5 {[%emt 0:03:46]} 24. Nbxd4 {[%emt 0:02:42]} Nxd4 {[%emt 0:00:29]} 25. Rxc8+ {[%emt 0:00:24]} Rxc8 {[%emt 0:00:18]} 26. Nxd4 {[%emt 0:00:16]} Qf4 {[%emt 0:01:14]} 27. g3 {[%emt 0:03:02]} Qh6 {[%emt 0:00:36]} 28. Nf5 {[%emt 0:16:36]} Qg5 {[%emt 0:01:20]} 29. Qe4 {[%emt 0:08:32]} g6 {[%emt 0:02:14]} 30. Nd6 {[%emt 0:04:18]} Rc1 {[%emt 0:00:20]} 31. Qd5+ {[%emt 0:02:44]} Kg7 {[%emt 0:00:19]} 32. Rxc1 {[%emt 0:01:16]} Qxc1+ {[%emt 0:00:02]} 33. Kg2 {[%emt 0:00:10]} Qg5 {[%emt 0:01:13]} 34. Qf7+ {[%emt 0:00:50]} Kh6 {[%emt 0:00:13]} 35. Qf4 {[%emt 0:00:24]} Kg7 {[%emt 0:00:34]} 36. Qxg5 {[%emt 0:00:28]} Bxg5 {[%emt 0:00:03]} 37. Nc8 {[%emt 0:00:21]} Bc1 {[%emt 0:00:28]} 38. a4 {[%emt 0:00:42]} Bb2 {[%emt 0:00:25]} 39. e6 {[%emt 0:01:09]} a6 {[%emt 0:00:28]} 40. Nxb6 {[%emt 0:00:39]} Kf6 {[%emt 0:02:08]} 41. Nd5+ {[%emt 0:02:00]} Kxe6 {[%emt 0:00:11]} 42. Nc7+ {[%emt 0:00:12]} Kd6 {[%emt 0:00:50]} 43. Nxa6 {[%emt 0:00:10]} Ba3 {[%emt 0:04:14]} 44. b5 {[%emt 0:01:33]} Kd7 {[%emt 0:00:31]} 45. Kf3 {[%emt 0:01:49]} Kd6 {[%emt 0:09:46]} 46. Ke4 {[%emt 0:00:04]} h5 {[%emt 0:00:30]} 47. h3 {[%emt 0:00:20]} Kd7 {[%emt 0:00:59]} 48. Kd5 {[%emt 0:00:37]} Bd6 {[%emt 0:00:36]} 49. g4 {[%emt 0:00:13]} hxg4 {[%emt 0:00:35]} 50. hxg4 {[%emt 0:00:06]} 1-0

[Event "Int SVK-ch Open 2020"]
[Site "Drienica"]
[Date "2020.08.09"]
[Round "3.19"]
[White "Bochnickova, Simona"]
[Black "Kulich, Daniel"]
[Result "1-0"]
[WhiteElo "1797"]
[BlackElo "1492"]
[Annotator "NA"]
[PlyCount "49"]
[EventDate "2020.08.07"]
[EventType "swiss"]
[EventCountry "SVK"]
[SourceTitle "playchess.com"]
[Source "ChessBase"]
[SourceQuality "1"]
[TimeControl "40/5400+30:1800+30"]

1. e4 {[%emt 0:00:00]} e5 {[%emt 0:00:00]} 2. Nf3 {[%emt 0:00:00]} Nf6 {[%emt 0:00:00]} 3. Nxe5 {[%emt 0:00:59]} d6 {[%emt 0:00:37]} 4. Nf3 {[%emt 0:00:06]} Nxe4 {[%emt 0:00:07]} 5. Qe2 {[%emt 0:00:12]} Qe7 {[%emt 0:00:08]} 6. d3 {[%emt 0:00:05]} Nf6 {[%emt 0:00:09]} 7. Bg5 {[%emt 0:00:04]} Qxe2+ {[%emt 0:00:14]} 8. Bxe2 {[%emt 0:00:08]} Be7 {[%emt 0:00:17]} 9. Nc3 {[%emt 0:00:39]} h6 {[%emt 0:01:37]} 10. Bh4 {[%emt 0:01:03]} O-O {[%emt 0:03:10]} 11. O-O-O {[%emt 0:01:05]} Bd7 {[%emt 0:06:01]} 12. Rhe1 {[%emt 0:00:48]} c5 {[%emt 0:01:10]} 13. Bf1 {[%emt 0:03:02]} Re8 {[%emt 0:06:01]} 14. Ne4 {[%emt 0:04:36]} Nxe4 {[%emt 0:13:16]} 15. dxe4 {[%emt 0:00:10]} Bf8 {[%emt 0:07:33]} 16. Bg3 {[%emt 0:01:17]} Re6 {[%emt 0:00:31]} 17. Bc4 {[%emt 0:00:20]} Rf6 {[%emt 0:04:18]} 18. e5 {[%emt 0:00:31]} Rg6 {[%emt 0:09:18]} 19. exd6 {[%emt 0:00:11]} Rg4 {[%emt 0:01:23]} 20. Ne5 {[%emt 0:01:15]} Rd4 {[%emt 0:06:17]} 21. Rxd4 {[%emt 0:01:55]} cxd4 {[%emt 0:00:16]} 22. Bxf7+ {[%emt 0:00:16]} Kh8 {[%emt 0:00:14]} 23. Ng6+ {[%emt 0:00:10]} Kh7 {[%emt 0:00:44]} 24. Nxf8+ {[%emt 0:00:06]} Kh8 {[%emt 0:00:09]} 25. Nxd7 {[%emt 0:00:53]} 1-0